ARRUPE JESUIT UNIVERSITY

CORONAVIRUS -STOP THE SPREAD - CLEAN,DISINFECT,COVER

Peoples of all nations; (Record no. 93420)

MARC details
000 -LEADER
fixed length control field 01241cam a22002651 4500
001 - CONTROL NUMBER
control field 5919923
003 - CONTROL NUMBER IDENTIFIER
control field ARRUPE
005 - DATE AND TIME OF LATEST TRANSACTION
control field 20170927125154.0
008 - FIXED-LENGTH DATA ELEMENTS--GENERAL INFORMATION
fixed length control field 760220m1922 enkabf 001 0 eng
010 ## - LIBRARY OF CONGRESS CONTROL NUMBER
LC control number 24006018
035 ## - SYSTEM CONTROL NUMBER
System control number (OCoLC)2003464
040 ## - CATALOGING SOURCE
Original cataloging agency DLC
Transcribing agency TxComS
Modifying agency OCoLC
-- DLC
042 ## - AUTHENTICATION CODE
Authentication code premarc
050 00 - LIBRARY OF CONGRESS CALL NUMBER
Classification number GN315
Item number .P4
300 ## - PHYSICAL DESCRIPTION
Other physical details illus., col. plates, maps.
Dimensions 25 cm.
245 00 - TITLE STATEMENT
Title Peoples of all nations;
Remainder of title their life to-day and the story of their past,
Statement of responsibility, etc by our foremost writers of travel, anthropology & history. Illustrated with upwards of 5000 photography, numerous colour plates, and 150 maps. Edited by J. A. Hammerton.
260 ## - PUBLICATION, DISTRIBUTION, ETC. (IMPRINT)
Place of publication, distribution, etc London,
Name of publisher, distributor, etc The Fleetway House
Date of publication, distribution, etc [1922-24]
300 ## - PHYSICAL DESCRIPTION
Extent 7 v.
500 ## - GENERAL NOTE
General note Paged continuously.
500 ## - GENERAL NOTE
General note Issued in 49 fortnightly parts.
505 0# - FORMATTED CONTENTS NOTE
Formatted contents note v. 1. Abyssinia-British empire: America.--v. 2 British empire: Asia-Dahomey.--v. 3. Danzig-France.--v. 4. Georgia-Italy.--v. 5. Japan-Oman.--v. 6. Palestine-Sin-kiang.--v. 7. South Africa-Wales. Maps & indexes.
650 #0 - SUBJECT ADDED ENTRY--TOPICAL TERM
Topical term or geographic name as entry element Ethnology.
9 (RLIN) 128
700 1# - ADDED ENTRY--PERSONAL NAME
Personal name Hammerton, Sir John Alexander,
Dates associated with a name 1871-1949,
Relator term ed.
9 (RLIN) 36449
906 ## - LOCAL DATA ELEMENT F, LDF (RLIN)
a 7
b cbc
c oclcrpl
d u
e ncip
f 19
g y-gencatlg
942 ## - ADDED ENTRY ELEMENTS (KOHA)
Source of classification or shelving scheme Library of Congress Classification
Koha item type Monograph ( Printed materials)
Holdings
Withdrawn status Lost status Source of classification or shelving scheme Damaged status Not for loan Collection code Home library Current library Shelving location Date acquired Total Checkouts Full call number Barcode Date last seen Date checked out Copy number Price effective from Koha item type
    Library of Congress Classification       ARRUPE LIBRARY ARRUPE LIBRARY   07/03/2013 1 GN315.P4 46003074085 09/02/2016 21/08/2015 1 07/03/2013 Monograph ( Printed materials)

 

Arrupe Library. PO Box MP320 Mt Pleasant, Harare, Zimbabwe
263 242 745411|librarian@aju.ac.zw